000 aam a22 a 4500
999 _c1567
_d1567
003 AKMAL
005 20170511092527.0
008 170511t20062011my ao e f000 0 eng d
020 _a9789835405556
_qhardback
040 _aAKMAL
082 0 4 _a321.804309595 RAI
090 0 0 _a321.804309595
_bRAI
100 0 _aRais Yatim,
_cDatuk Seri Utama,
_d1942-
_92899
245 1 0 _a1MALAYSIA CABINET :
_bReflecting on Cabinet Governing /
_cRAIS YATIM
246 3 _aOne Malaysia cabinet :
_breflecting on cabinet governing
250 _aSecond Edition
264 1 _a[Place of publication not identified] :
_bAn Endowment Publication,
_c2011
264 4 _c©2011
300 _a535 pages :
_bcolour photographs ;
_c28 cm
504 _aBibliography: pages 532-535
650 1 0 _aCabinet system
_zMalaysia
_93167
650 2 0 _aCabinet officers
_zMalaysia
_93168
650 2 0 _aExecutive power
_zMalaysia
_93169
651 0 _aMalaysia
_xPolitics and government
_944
942 _2ddc
_cBOOK